Statistics for Most Forgotten European Capitals

Click here to take the quiz!

General Stats

  • This quiz has been taken 167 times
  • The average score is 8 of 10

Answer Stats

#Capital City% Correct
4 Vaduz
87%
5Skopje
83%
7Vilnius
82%
6Ljubljana
80%
8Valletta
80%
1Chișinău
79%
2 Podgorica
79%
10Bratislava
78%
3Pristina
78%
9Andorra la Vella
76%

Score Distribution

Percentile by Number Answered

Percent of People with Each Score

Your Score History

You have not taken this quiz